Daňové podvody v oblasti dane z pridanej hodnoty a možnosti ich riešenia diplomová práca

Salvato in:
Dettagli Bibliografici
Autore principale: Pápai, Igor
Ente Autore: Fakulta hospodárskej informatiky EU. Katedra účtovníctva a audítorstva
Altri autori: Baštincová, Anna
Natura: Libro
Lingua:slovacco
Pubblicazione: Bratislava 2015
Tags: Aggiungi Tag
Nessun Tag, puoi essere il primo ad aggiungerne!!

MARC

LEADER 00000nbm a2200000 4500
001 0203561
005 20161212113216.3
041 0 |a slo 
044 |a SK 
245 1 0 |a Daňové podvody v oblasti dane z pridanej hodnoty a možnosti ich riešenia  |b diplomová práca  |c Igor Pápai ; školiteľ: Anna Baštincová 
264 1 |a Bratislava  |c 2015 
300 |a 73 s. 
100 1 |a Pápai, Igor 
700 1 |a Baštincová, Anna 
710 2 |a Fakulta hospodárskej informatiky EU. Katedra účtovníctva a audítorstva